000
00230nam a2200097Ia 4500
008
230508s1986 xx 000 0 und d
041
_a
eng
100
_a
SALUNKHE M.B.
245
_a
SWATANTRYA SAINIKANCHYA ATHAVANI
260
_c
1986
999
_c
312713
_d
312713